| 000 | 00607nam a2200205 a 4500 | ||
|---|---|---|---|
| 005 | 20221019063513.0 | ||
| 008 | 991125s1976 es 000 0 spa u | ||
| 020 | _a8471532557 | ||
| 035 | _aUPN01000043168 | ||
| 049 | _aF | ||
| 050 | 4 |
_aPC4143 _bG5.5 1976 |
|
| 100 | 1 | _aGili Gaya, Samuel | |
| 245 | 1 | 0 |
_aOrtografía práctica española / _cSamuel Gili Gaya. |
| 250 | _a7a ed. | ||
| 260 |
_aBarcelona [Esp.] : _bBibliograf, _c1976. |
||
| 300 | _a101 p. | ||
| 440 | 0 |
_aCompendios de divulgación filológicas vox ; _v1 |
|
| 650 | 7 |
_aEspañol _xOrtografía _xEstudio y enseñanza _2 _917785 |
|
| 905 | _aLibro | ||
| 999 |
_c43168 _d43168 |
||